| 000 | 01078nam a2200301Ia 4500 | ||
|---|---|---|---|
| 001 | ebr10269256 | ||
| 003 | CaPaEBR | ||
| 006 | m u | ||
| 007 | cr cn||||||||| | ||
| 008 | 081020s2009 maua s 001 0 eng d | ||
| 010 | _z 2008939938 | ||
| 020 | _z1598638130 | ||
| 020 | _z9781598638134 | ||
| 040 |
_aCaPaEBR _cCaPaEBR |
||
| 035 | _a(OCoLC)471130330 | ||
| 050 | 1 | 4 |
_aQA76.9.A25 _bC53 2009eb |
| 100 | 1 | _aCiampa, Mark D. | |
| 245 | 1 | 0 |
_aComptia Security+ 2008 in depth _h[electronic resource] / _cMark Ciampa. |
| 260 |
_aBoston, MA : _bCourse, PTR, _cc2009. |
||
| 300 |
_axvii, 444 p. : _bill. |
||
| 500 | _aIncludes index. | ||
| 533 |
_aElectronic reproduction. _bPalo Alto, Calif. : _cebrary, _d2009. _nAvailable via World Wide Web. _nAccess may be limited to ebrary affiliated libraries. |
||
| 650 | 0 | _aComputer security. | |
| 650 | 0 | _aData protection. | |
| 655 | 7 |
_aElectronic books. _2local |
|
| 710 | 2 | _aebrary, Inc. | |
| 856 | 4 | 0 |
_uhttp://site.ebrary.com/lib/rucke/Doc?id=10269256 _zAn electronic book accessible through the World Wide Web; click to view |
| 999 |
_c8440 _d8440 |
||